000 00709nam a2200241Ia 4500
003 OSt
005 20220925221739.0
006 a|||||r|||| 00| 0
007 ta
008 220923b |||||||| |||| 00| 0 eng d
037 _cGeneral Book
040 _aRTL
_cRTL
_beng
041 _2eng
_aeng
082 _aX:89F, L3
100 _aLee G. A.
_9287031
245 0 _aModern financial accounting
260 _aLondon
_bNelson U. K.
_c1973
300 _axii, 560p. Appendix p.475-548
_ccm.
490 _aUniversity of Lancaster, School of Business and Organisational Studies
650 _aAccounting Management
942 _hX:89F, L3
_cGB
_2CC
999 _c575243
_d575243